000 00634nam a2200205Ia 4500
003 GCL
008 140319s9999 xx 000 0 ara d
040 _aGCL /
_cGCL
082 0 4 _a817.008
_bم ظ
100 1 _aمحمد كامل عبدالصمد
245 1 0 _aظرفاء ولكن حكماء /
_cمحمد كامل عبدالصمد
260 _a[S.N] :
_bالدار المصرية اللبنانية ،
_c1990
300 _a207 ص
490 _a
650 0 4 _aالادب العربى
650 0 4 _aالاهاجى والفكاهات
650 0 4 _aالقصص الفكاهية
650 0 4 _aالمجموعات
942 _2ddc
_cBK
999 _c32518
_d32518